Constelación Babieca / (Registro nro. 12636)

Detalles MARC
000 -LEADER
campo de control de longitud fija 03052cam a22006014i 4500
003 - IDENTIFICADOR DE NÚMERO DE CONTROL
campo de control PE-LiUPU
005 - FECHA Y HORA DE LA ÚLTIMA TRANSACCIÓN
campo de control 20250731165443.0
008 - DATOS DE LONGITUD FIJA--INFORMACIÓN GENERAL
campo de control de longitud fija 160608s2016 sp r 000 0 cat d
020 ## - NÚMERO INTERNACIONAL ESTÁNDAR DEL LIBRO
Número Internacional Estándar del Libro 8491163840
020 ## - NÚMERO INTERNACIONAL ESTÁNDAR DEL LIBRO
Número Internacional Estándar del Libro 9788491163848
035 ## - NÚMERO DE CONTROL DEL SISTEMA
Número de control de sistema (Sirsi) i9788491163848
040 ## - FUENTE DE CATALOGACIÓN
Centro catalogador/agencia de origen C3L
Lengua de catalogación spa
Centro/agencia transcriptor C3L
Centro/agencia modificador PE-LiUPU
Normas de descripción rda
050 #4 - SIGNATURA TOPOGRÁFICA DE LA BIBLIOTECA DEL CONGRESO
Número de clasificación QA
082 14 - NÚMERO DE LA CLASIFICACIÓN DECIMAL DEWEY
Número de clasificación 004
Cutter C85
Número de edición 14
100 1# - ENTRADA PRINCIPAL--NOMBRE DE PERSONA
Nombre de persona Cot Ros, Eduard,
Término indicativo de función/relación autor.
245 10 - MENCIÓN DEL TÍTULO
Título Constelación Babieca /
Mención de responsabilidad, etc. Eduard Cot Ros.
264 ## - PRODUCCIÓN, PUBLICACIÓN, DISTRIBUCIÓN, FABRICACIÓN Y COPYRIGHT
Producción, publicación, distribución, fabricación y copyright Barcelona :
Nombre del de productor, editor, distribuidor, fabricante Editorial UOC,
Fecha de producción, publicación, distribución, fabricación o copyright 2016.
300 ## - DESCRIPCIÓN FÍSICA
Extensión 159 páginas ;
Dimensiones 21 centímetros.
336 ## - TIPO DE CONTENIDO
Término de tipo de contenido text
Fuente rdacontent
337 ## - TIPO DE MEDIO
Nombre/término del tipo de medio unmediated
Fuente rdamedia
338 ## - TIPO DE SOPORTE
Nombre/término del tipo de soporte volume
Fuente rdacarrier
504 ## - NOTA DE BIBLIOGRAFÍA, ETC.
Nota de bibliografía, etc. Índices: páginas 147-154.
505 0# - NOTA DE CONTENIDO CON FORMATO
Nota de contenido con formato Capítulo 1 -- Capítulo 2 -- Capítulo 3 -- Capítulo 4 -- Capítulo 5 -- Capítulo 6 -- Capítulo 7 -- Capítulo 8 -- Capítulo 9 -- Capítulo 10 -- Capítulo 11 -- Capítulo 12 -- Capítulo 13 -- Capítulo 14 -- Capítulo 15 -- Capítulo 16 -- Capítulo 17 -- Capítulo 18 -- Capítulo 19 -- Capítulo 20 -- Capítulo 21 --
526 ## - NOTA DE INFORMACIÓN SOBRE EL PROGRAMA DE ESTUDIO
Nombre del programa Segunda Especialidad En Estadística Aplicada Para Investigación (A Distancia)
526 ## - NOTA DE INFORMACIÓN SOBRE EL PROGRAMA DE ESTUDIO
Nombre del programa Segunda Especialidad En Estadística Aplicada Para Investigación
526 ## - NOTA DE INFORMACIÓN SOBRE EL PROGRAMA DE ESTUDIO
Nombre del programa Ingeniería De Ciberseguridad
526 ## - NOTA DE INFORMACIÓN SOBRE EL PROGRAMA DE ESTUDIO
Nombre del programa Ingeniería De Ciencia De Datos E Inteligencia Artificial
526 ## - NOTA DE INFORMACIÓN SOBRE EL PROGRAMA DE ESTUDIO
Nombre del programa Ingeniería De Software
526 ## - NOTA DE INFORMACIÓN SOBRE EL PROGRAMA DE ESTUDIO
Nombre del programa
526 ## - NOTA DE INFORMACIÓN SOBRE EL PROGRAMA DE ESTUDIO
Nombre del programa Comunicación Y Periodismo
526 ## - NOTA DE INFORMACIÓN SOBRE EL PROGRAMA DE ESTUDIO
Nombre del programa Maestría En Ingeniería De Sistemas Con Mención En Dirección Y Gestión De Tecnologías De Información (Semipresencial)
526 ## - NOTA DE INFORMACIÓN SOBRE EL PROGRAMA DE ESTUDIO
Nombre del programa Maestría En Ingeniería De Sistemas Con Mención En Dirección Y Gestión De Tecnologías De Información (A Distancia)
526 ## - NOTA DE INFORMACIÓN SOBRE EL PROGRAMA DE ESTUDIO
Nombre del programa Doctorado en ingeniería de sistemas
526 ## - NOTA DE INFORMACIÓN SOBRE EL PROGRAMA DE ESTUDIO
Nombre del programa Maestría en ingeniería de sistemas con mención en Ingeniería de software
526 ## - NOTA DE INFORMACIÓN SOBRE EL PROGRAMA DE ESTUDIO
Nombre del programa Maestría en ingeniería de sistemas con mención en Dirección y gestión de tecnologías de información
526 ## - NOTA DE INFORMACIÓN SOBRE EL PROGRAMA DE ESTUDIO
Nombre del programa Ingeniería de sistemas
526 ## - NOTA DE INFORMACIÓN SOBRE EL PROGRAMA DE ESTUDIO
Nombre del programa Educación secundaria, especialidad matemática e informática
541 ## - NOTA DE FUENTE DE ADQUISICIÓN DIRECTA
-- 001-003270;
596 ## -
-- 1 3
650 #7 - PUNTO DE ACCESO ADICIONAL DE MATERIA--TÉRMINO DE MATERIA
Término de materia o nombre geográfico como elemento de entrada Novellette.
910 ## - DATOS DE OPCIÓN DEL USUARIO (OCLC)
Datos de opción del usuario jck
-- ebj
-- ebj
-- 20160926
942 ## - ELEMENTOS DE ENTRADA SECUNDARIOS (KOHA)
Fuente del sistema de clasificación o colocación Clasificación Decimal Dewey
Tipo de ítem Koha
949 ## - PROCESAMIENTO DE INFORMACIÓN LOCAL (OCLC)
a 004 C85
w DEWEY
c 1
i 74645
l CCODEBUL1
m BUL
p 29.80
r 0
s Y
t BOOK
u 2016-9-26
x INGENIERIA
-- P27
0 COMPRA
o .STAFF. Colección Ingeniería y Arquitectura
949 ## - PROCESAMIENTO DE INFORMACIÓN LOCAL (OCLC)
a 004 C85
w DEWEY
c 2
i 74646
l CCODEBUL1
m BUL
p 29.80
r 0
s Y
t BOOK
u 2016-9-26
x INGENIERIA
-- P27
0 COMPRA
o .STAFF. Colección Ingeniería y Arquitectura
949 ## - PROCESAMIENTO DE INFORMACIÓN LOCAL (OCLC)
a 004 C85
w DEWEY
c 3
i 74647
l CCODEBUL1
m BUL
p 29.80
r 0
s Y
t BOOK
u 2016-9-26
x INGENIERIA
-- P27
0 COMPRA
o .STAFF. Colección Ingeniería y Arquitectura
949 ## - PROCESAMIENTO DE INFORMACIÓN LOCAL (OCLC)
a 004 C85 2016
w DEWEY
c 1
i FJ06856
l CCODEBUJ1
m BUJ
p 30.48
r 0
s Y
t BOOK
u 2017-10-22
x INGENIERIA
-- P27
0 COMPRA
o .STAFF -- Colección General Juliaca
994 ## -
-- C0
-- PEPRU
999 ## - NÚMEROS DE CONTROL DE SISTEMA (KOHA)
-- DEWEY
-- 74645
-- 2021-11-9
-- 7
-- CCODEBUL1
-- BUL
-- 29.80
-- 1
-- 0
-- Y
-- BOOK
-- 2016-9-26
-- INGENIERIA
-- P27
-- COMPRA
-- .STAFF. Colección Ingeniería y Arquitectura
999 ## - NÚMEROS DE CONTROL DE SISTEMA (KOHA)
-- DEWEY
-- 74646
-- 2021-11-9
-- 7
-- CCODEBUL1
-- BUL
-- 29.80
-- 1
-- 0
-- Y
-- BOOK
-- 2016-9-26
-- INGENIERIA
-- P27
-- COMPRA
-- .STAFF. Colección Ingeniería y Arquitectura
999 ## - NÚMEROS DE CONTROL DE SISTEMA (KOHA)
-- DEWEY
-- 74647
-- 2021-11-9
-- 7
-- CCODEBUL1
-- BUL
-- 29.80
-- 1
-- 0
-- Y
-- BOOK
-- 2016-9-26
-- INGENIERIA
-- P27
-- COMPRA
-- .STAFF. Colección Ingeniería y Arquitectura
999 ## - NÚMEROS DE CONTROL DE SISTEMA (KOHA)
-- DEWEY
-- FJ06856
-- 2017-3-30
-- 2021-12-27
-- 4
-- CCODEBUJ1
-- BUJ
-- 1
-- 30.48
-- 0
-- Y
-- BOOK
-- 2017-2-14
-- INGENIERIA
-- P27
-- COMPRA
-- .STAFF. Colección General Juliaca
980 ## - EQUIVALENCIA O REFERENCIA-CRUZADA-MENCIÓN DE SERIE--NOMBRE DE PERSONA/TÍTULO [LOCAL, CANADÁ]
ID del último usuario que modificó el registro 1
Nombre del último usuario que modificó el registro ALBERTO SANCHEZ Responsable de Automatización
Existencias
Visto por última vez Número de inventario Total de préstamos Signatura topográfica completa Código de barras Fecha del último préstamo Copia número Coste, precio de reemplazo Fecha de reemplazo Facultad Tipo de ítem Koha Nota pública Estado de pérdida Fuente del sistema de clasificación o colocación Restricciones de uso No para préstamo Colección Programa académico Biblioteca de origen Biblioteca actual Ubicación en estantería Fecha de adquisición Fuente de adquisición Coste, precio normal de compra
2025-12-02 8 1 004 C85 74645 2017-03-30 e1 34.80 2016-09-26 FIA Libros físicos inventario-2023-12-13 No Perdido Clasificación Decimal Dewey No restringido Disponible para préstamos Colección General Ingeniería de sistemas Biblioteca CRAI UPeU Lima Biblioteca CRAI UPeU Lima Sala principal 2016-09-26 COMPRA 29.80
2025-12-02 8   004 C85 74646   e2 34.80 2016-09-26 FIA Libros físicos inventario-2023-12-13 No Perdido Clasificación Decimal Dewey No restringido Disponible para préstamos Colección General Ingeniería de sistemas Biblioteca CRAI UPeU Lima Biblioteca CRAI UPeU Lima Sala principal 2016-09-26 COMPRA 29.80
2025-12-02 8   004 C85 74647   e3 34.80 2016-09-26 FIA Libros físicos inventario-2023-12-13 No Perdido Clasificación Decimal Dewey No restringido Disponible para préstamos Colección General Ingeniería de sistemas Biblioteca CRAI UPeU Lima Biblioteca CRAI UPeU Lima Sala principal 2016-09-26 COMPRA 29.80